000 00446pam a2200157a 44500
008 230405s2019 xxu||||| |||| 00| 0 eng d
041 _aENG
100 _aSINGH A K
245 _aDIMENSIONS OF AGRICULTURAL EXTENSION
250 _a2ND Ed.
260 _aMERRRUT (vp)
_bAMAN PUBLISHING HOUSE
_c2019
300 _a388p.
440 _aMEHTA BOOK SELLERS ,KOLHAPUR , B-44700, BILL NO. 4750, DT-27/04/2019
700 _aBURMAN R R
906 _a1571
999 _c290449
_d290449